000 00858nam a22003137a 4500
001 BR8206442
003 BR-BrBNA
005 20230928091512.0
007 ta
008 230509b bl.||||| |||| 00| 0 por d
040 _aBR-BrBNA
_bpor
_cBiblioteca Nacional de Agricultura
041 _a(Por)
072 _aF00
_b2110
_b2040
_b/G514
090 _ 2110 BR8206442
100 1 _aSantos, O.M.
100 1 _aLobao, D.E.V.P.
110 1 _aCentro de Pesquisas do Cacau, Ilheus, BA (Brasil)
_91631
245 1 _aSombreamento definitivo do cacaueiro [Bahia, Brasil]
260 3 _aIlheus, BA (Brasil):
_c1982.
300 _a24 p.
500 _a9 ref.; 11 tables
650 _aCACAU
650 _aPLANTA PARA SOMBRA
650 _aSOMBREAMENTO
650 _aPRATICA CULTURAL
650 _aBAHIA
909 _a202309
_bLucia
_c55
_dLucia Elande
942 _cBK
999 _c34143
_d34143